Nathaniel Hawthorne's Young Goodman Brown /

Bibliographic Details
Other Authors: Bloom, Harold
Format: Book
Language:English
Published: Philadelphia : Chelsea House, [2005]
Series:Modern critical interpretations.
Subjects:
Online Access:Table of contents

MARC

Tag First Indicator Second Indicator Subfields
LEADER 00000pam a2200000 a 4500
001 in00002363549
005 20151109040648.0
008 040927s2005 pau b 001 0 eng
010 |a  2004022351 
020 |a 0791081249 (alk. paper) 
020 |a 9780791081242 (alk. paper) 
035 |a (OCoLC)ocm56617304 
040 |a DLC  |c DLC  |d UtOrBLW 
049 |a TXAM 
050 0 0 |a PS1872.Y63  |b Y68 2005 
082 0 0 |a 813/.3  |2 22 
245 0 0 |a Nathaniel Hawthorne's Young Goodman Brown /  |c edited and with an introduction by Harold Bloom. 
264 1 |a Philadelphia :  |b Chelsea House,  |c [2005] 
264 4 |c ©2005 
300 |a vii, 185 pages ;  |c 24 cm. 
336 |a text  |b txt  |2 rdacontent 
337 |a unmediated  |b n  |2 rdamedia 
338 |a volume  |b nc  |2 rdacarrier 
490 1 |a Modern critical interpretations 
504 |a Includes bibliographical references (pages 173-175) and index. 
505 0 |a The sources of ambiguity in Hawthorne's Young Goodman Brown : a structuralist approach / Harold F. Mosher, Jr -- My faith is gone : Young Goodman Brown and Puritan conversion / Jane Donahue Eberwein -- Doubts in the American garden : three cases of paradisal skepticism / John S. Hardt -- Young Goodman Brown and A white heron : correspondences and illuminations / Jules Zanger -- Lachrymal imagery in Hawthorne's Young Goodman Brown / Joan Elizabeth Easterly -- Cultural fate and social freedom in three American short stories / Walter Shear -- Goodman Brown and the Puritan catechism / Benjamin Franklin V -- Hawthorne's Young Goodman Brown : early nineteenth-century and Puritan constructions of gender / James C. Keil -- Romanticism's fallen edens : the malignant contribution of Hawthorne's literary landscapes / Debra Johanyak -- Pray tarry with me Young Goodman Brown / Edward Jayne -- The American psychosis / David Bromwich. 
600 1 0 |a Hawthorne, Nathaniel,  |d 1804-1864.  |t Young Goodman Brown. 
650 0 |a Satanism in literature. 
650 0 |a Puritans in literature. 
650 0 |a Devil in literature. 
700 1 |a Bloom, Harold. 
830 0 |a Modern critical interpretations. 
856 4 1 |3 Table of contents  |u http://www.loc.gov/catdir/toc/ecip051/2004022351.html  |t 0 
945 |a PromptCat 
946 |a stk 
947 |a A14836839840 
948 |a cataloged  |b h  |c 2008/3/19  |d c  |e dmitchel  |f 3:10:20 pm 
994 |a 92  |b TXA 
999 |a MARS 
999 f f |s ba5bd0a0-d85d-3c81-bd94-c54ed7aed560  |i 07f65f4e-c566-35b8-8b8e-353d2dfa3366  |t 0 
952 f f |p normal  |a Texas A&M University  |b College Station  |c Sterling C. Evans Library  |d Evans: Library Stacks  |t 0  |e PS1872.Y63 Y68 2005  |h Library of Congress classification  |i unmediated -- volume  |m A14836839840 
998 f f |a PS1872.Y63 Y68 2005  |t 0  |l Evans: Library Stacks